000 00920 a2200253 4500
003 CBULib
005 20240201091902.0
008 240125b |||||||| |||| 00| 0 eng d
040 _aCBULib
_bEnglish
_cCBULib
_erda
041 _aeng
050 _aCBU-PHD THESIS/MWA
100 _aMwale, Mafunase
_92432
245 _aExploring the recontextualisation of biotechnological knowledge in the context of biology education student teachers at the Copperbelt university
_c/ by Mafunase Mwale
260 _bCopperbelt University,
_c2022.
_aKitwe :
300 _axiii, 151 pages : illustrations
336 _2rdacontent
_aText |
_btxt
337 _2rdamedia
_aUnmediated |
_bn
338 _2rdacarrier
_aVolume
_bnc
500 _aincludes bibliographical references and appendices
650 0 _91655
_aBIOLOGY
650 0 _92433
_aBIOTECHNOLOGICAL KNOWLEDGE
650 0 _92128
_aCOPPERBELT UNIVERSITY
942 _2lcc
_c030
999 _c84099
_d84099